000 01010nam a22002417a 4500
008 130821s2013 ck a gr spa
022 _a1657-5334
040 _aCO-BoUCM
_bspa
_cJavier Garzón
_dAldemar Mondragón
041 0 0 _aspa
100 1 _aPerry, Guillermo
_932945
245 1 0 _aEmprendimiento alrededor del sector de la minería y el petróleo en Colombia
_cGuillermo Perry, Camilo Palacios
260 _aBogotá (Colombia)
_bEdicones Uniandes
_c2013
300 _a78 páginas
_bilustraciones, gráficas
490 _aDocumentos CEDE
_v13
504 _aIncluye referencias bibliográficas
650 7 _aCombustibles
_xAspectos económicos
_937063
650 7 _aIndustria del petroleo
_97729
650 7 _aIndustria minera
_917469
690 _aDesarrollo económico
710 1 _927474
_aUniversidad de los Andes (Colombia)
_bFacultad de Economía
_bCentro de Estudios Sobre Desarrollo Económico.CEDE
942 _cLIBRO
_a7
_e1
_mP462e
_2DEWEY
_h333.8213
999 _c166425
_d166425